[Event "Spring TNM"]
[Site "San Francisco"]
[Date "2006.04.11"]
[Round "3"]
[White "Bacelar, Erickson"]
[Black "Thornally, Frank"]
[Result "1/2-1/2"]
[WhiteElo "1752"]
[BlackElo "2200"]
[PlyCount "69"]
[EventDate "2006.03.28"]
[EventType "swiss"]
[EventRounds "8"]
[EventCountry "USA"]

1. d4 d5 2. c4 e6 3. cxd5 exd5 4. Nf3 c5 5. Nc3 Nc6 6. g3 Nf6 7. Bg2 Be7 8. O-O
O-O 9. Bg5 cxd4 10. Nxd4 h6 11. Bxf6 Bxf6 12. e3 Be6 13. Nce2 Re8 14. Rc1 Rc8
15. Qd2 Qb6 16. Rfd1 Ne5 17. b3 Ng6 18. Rxc8 Rxc8 19. Rc1 Rd8 20. Qc2 Bg4 21.
h3 Bxe2 22. Nxe2 Qa6 23. a4 Qb6 24. Rd1 Ne7 25. Qd3 Qa5 26. Nf4 d4 27. exd4
Bxd4 28. Qf3 Qb6 29. Rf1 Nc6 30. Ne2 Bf6 31. Nf4 Bd4 32. Ne2 Bb2 33. Nf4 Qd4
34. Nd5 Qe5 35. Qe4 1/2-1/2

[Event "Spring TNM"]
[Site "San Francisco"]
[Date "2006.04.11"]
[Round "3"]
[White "Bayaraa, Bekhtur"]
[Black "Regan, Neil"]
[Result "0-1"]
[WhiteElo "1596"]
[BlackElo "1900"]
[PlyCount "24"]
[EventDate "2006.03.28"]
[EventType "swiss"]
[EventRounds "8"]
[EventCountry "USA"]

1. e4 c5 2. Nf3 Nc6 3. d4 cxd4 4. Nxd4 g6 5. Be3 Bg7 6. Nc3 Nf6 7. f3 O-O 8.
Bc4 Qa5 9. Qd2 Qb4 10. Bb3 Nxe4 11. Nxc6 Bxc3 12. Nxe7+ Qxe7 0-1

[Event "Spring TNM"]
[Site "San Francisco"]
[Date "2006.04.11"]
[Round "3"]
[White "Braden, Brian"]
[Black "Whalley, Martin"]
[Result "0-1"]
[WhiteElo "1134"]
[BlackElo "1818"]
[PlyCount "86"]
[EventDate "2006.03.28"]
[EventType "swiss"]
[EventRounds "8"]
[EventCountry "USA"]

1. e4 c5 2. Nf3 d6 3. Nc3 g6 4. Bc4 e6 5. d3 h6 6. a3 a6 7. h3 b5 8. Ba2 Bg7 9.
Bf4 Nc6 10. Qd2 g5 11. Bh2 Nge7 12. Rb1 Ng6 13. O-O Bb7 14. Rfe1 O-O 15. Kf1
Rc8 16. Kg1 Kh8 17. Red1 Qd7 18. Bg3 Nce5 19. Nxe5 Bxe5 20. Bxe5+ dxe5 21. h4
Nxh4 22. Qe2 Kg7 23. g3 Ng6 24. Kg2 b4 25. Rh1 bxc3 26. bxc3 Qc6 27. Rh5 f5 28.
f3 Rb8 29. Bb3 f4 30. g4 Nh4+ 31. Kf2 Rh8 32. Rh1 Kf6 33. Qf1 Qe8 34. Qh3 Qg6
35. Rxh4 gxh4 36. g5+ Ke7 37. Qg4 hxg5 38. Kg2 Rbg8 39. Kf2 Bc8 40. Qg1 g4 41.
Ke1 gxf3 42. Qxc5+ Kf6 43. Qf2 Qg3 0-1

[Event "Spring TNM"]
[Site "San Francisco"]
[Date "2006.04.11"]
[Round "3"]
[White "Capdeville, Barry"]
[Black "Bertot, German"]
[Result "0-1"]
[WhiteElo "1211"]
[BlackElo "1439"]
[PlyCount "72"]
[EventDate "2006.03.28"]
[EventType "swiss"]
[EventRounds "8"]
[EventCountry "USA"]

1. e4 e5 2. Nf3 Nc6 3. d4 exd4 4. Nxd4 Nxd4 5. Qxd4 c5 6. Qd1 Nf6 7. Nc3 Qc7 8.
Be2 Bd6 9. Nb5 Qa5+ 10. c3 Bb8 11. Nd6+ Bxd6 12. Qxd6 Kd8 13. Bf3 Qc7 14. Qxc7+
Kxc7 15. Bf4+ Kd8 16. e5 Ne8 17. O-O f6 18. Rad1 g5 19. Be3 fxe5 20. Bxg5+ Kc7
21. Rfe1 d6 22. c4 Rg8 23. Bd2 Be6 24. b3 Rd8 25. Bc3 Ng7 26. Bd5 Bxd5 27. cxd5
Nf5 28. b4 cxb4 29. Bxb4 Nh4 30. Rc1+ Kd7 31. Re4 Nxg2 32. Kh1 Nf4 33. Ba5 b6
34. Bb4 Nd3 35. Rf1 Rdf8 36. Bd2 Nxf2+ 0-1

[Event "Spring TNM"]
[Site "San Francisco"]
[Date "2006.04.11"]
[Round "3"]
[White "Chalissery, Jossy"]
[Black "Regan, Jack"]
[Result "0-1"]
[WhiteElo "1689"]
[BlackElo "1550"]
[PlyCount "58"]
[EventDate "2006.03.28"]
[EventType "swiss"]
[EventRounds "8"]
[EventCountry "USA"]

1. Nf3 Nf6 2. g3 b6 3. Bg2 Bb7 4. O-O d5 5. d3 Nbd7 6. Nbd2 g6 7. b3 c5 8. Bb2
e6 9. Re1 Bg7 10. e4 Qc7 11. exd5 Bxd5 12. c4 Bb7 13. d4 cxd4 14. Bxd4 O-O 15.
Qe2 Rad8 16. Rad1 Nc5 17. Nf1 Nfe4 18. Bxg7 Kxg7 19. Qb2+ Kg8 20. Qa1 Nd3 21.
Rxd3 Rxd3 22. Ne5 Nxf2 23. Nxd3 Nxd3 24. Re2 Rd8 25. Ne3 Bxg2 26. Kxg2 Qc6+ 27.
Kh3 Qf3 28. Qf1 Nf4+ 29. Kh4 Qh5# 0-1

[Event "Spring TNM"]
[Site "San Francisco"]
[Date "2006.04.11"]
[Round "3"]
[White "Faulkner, Charles"]
[Black "Dembling, Arthur"]
[Result "0-1"]
[WhiteElo "1849"]
[BlackElo "1674"]
[PlyCount "64"]
[EventDate "2006.03.28"]
[EventType "swiss"]
[EventRounds "8"]
[EventCountry "USA"]

1. d4 Nf6 2. c4 e6 3. Nf3 b6 4. Nbd2 Bb7 5. a3 Be7 6. Qc2 d5 7. cxd5 exd5 8. e3
Nbd7 9. Bd3 O-O 10. O-O Rc8 11. b4 c5 12. bxc5 bxc5 13. Qb1 Qc7 14. dxc5 Nxc5
15. Bf5 Rb8 16. Bb2 g6 17. Bh3 Bc8 18. Qc2 Bxh3 19. gxh3 Qd7 20. Rab1 Rfc8 21.
Bxf6 Rxb1 22. Rxb1 Bxf6 23. Qa2 Ne4 24. Kg2 Nc3 25. Qb3 Nxb1 26. Qxb1 Qc6 27.
Qd3 Bc3 28. Nb3 Qc4 29. Qd1 Qe4 30. Nbd4 Bxd4 31. exd4 Rc3 32. a4 Rd3 0-1

[Event "Spring TNM"]
[Site "San Francisco"]
[Date "2006.04.11"]
[Round "3"]
[White "Gray, William"]
[Black "Litowsky, Dan"]
[Result "1/2-1/2"]
[WhiteElo "2022"]
[BlackElo "1700"]
[PlyCount "45"]
[EventDate "2006.03.28"]
[EventType "swiss"]
[EventRounds "8"]
[EventCountry "USA"]

1. e4 e5 2. Nf3 Nc6 3. Bb5 d6 4. d4 exd4 5. Nxd4 Bd7 6. Nc3 Nf6 7. Bg5 Be7 8.
Qd2 h6 9. Bf4 a6 10. Nxc6 bxc6 11. Ba4 Rb8 12. O-O-O O-O 13. g4 Nxg4 14. Rdg1
Bg5 15. h4 Bxf4 16. Qxf4 Qf6 17. Rxg4 Bxg4 18. Qxg4 Qxf2 19. Rg1 Qe3+ 20. Kd1
Qd4+ 21. Kc1 Qe3+ 22. Kd1 Qd4+ 23. Kc1 1/2-1/2

[Event "Spring TNM"]
[Site "San Francisco"]
[Date "2006.04.11"]
[Round "3"]
[White "Gurtovoy, Jason"]
[Black "Wong, Russell"]
[Result "0-1"]
[WhiteElo "1698"]
[BlackElo "2200"]
[PlyCount "52"]
[EventDate "2006.03.28"]
[EventType "swiss"]
[EventRounds "8"]
[EventCountry "USA"]

1. e4 Nf6 2. Bc4 Nxe4 3. Bxf7+ Kxf7 4. Qh5+ g6 5. Qd5+ e6 6. Qxe4 Bg7 7. Nf3
Nc6 8. d4 Rf8 9. Bg5 Qe8 10. Nbd2 Kg8 11. O-O-O Qf7 12. h4 d5 13. Qe3 e5 14.
dxe5 Bg4 15. Rde1 Rae8 16. Qb3 b6 17. Qa4 Bd7 18. e6 Rxe6 19. Rxe6 Qxe6 20. Re1
Qf7 21. Qa3 h6 22. Be7 Re8 23. Bb4 Rxe1+ 24. Nxe1 a5 25. Qg3 Be5 26. Qf3 axb4
0-1

[Event "Spring TNM"]
[Site "San Francisco"]
[Date "2006.04.11"]
[Round "3"]
[White "Hilliard, Michael"]
[Black "Wilkerson, Max"]
[Result "1/2-1/2"]
[WhiteElo "1413"]
[BlackElo "1900"]
[PlyCount "119"]
[EventDate "2006.03.28"]
[EventType "swiss"]
[EventRounds "8"]
[EventCountry "USA"]

1. d4 Nf6 2. Nf3 g6 3. e3 Bg7 4. Bd3 O-O 5. O-O d6 6. b3 Nbd7 7. Bb2 c5 8. c3
Rb8 9. Nbd2 b5 10. e4 Qc7 11. Re1 c4 12. Bc2 Bb7 13. Re2 a5 14. Rc1 Ba6 15. Bb1
Bh6 16. Rc2 e5 17. Bc1 Qb7 18. Rb2 exd4 19. Nxd4 Ne5 20. N2f3 Bxc1 21. Qxc1 Nd3
22. Bxd3 cxd3 23. Re3 Ng4 24. Re1 Rbe8 25. Qf4 Ne5 26. Re3 Qc8 27. Rb1 Qxc3 28.
Qh6 Ng4 29. Qf4 Nxe3 30. Qxe3 f5 31. Rc1 Qb2 32. Qh6 d2 33. Rf1 Rxe4 34. Ng5
Re7 35. Nde6 Qf6 36. Nxf8 Qxf8 37. Qxf8+ Kxf8 38. Nf3 b4 39. Rd1 Be2 40. Rxd2
Bxf3 41. gxf3 Re1+ 42. Kg2 Ke7 43. f4 Ke6 44. f3 d5 45. Kf2 Rh1 46. Ke3 Rc1 47.
Ke2 Kd6 48. Ke3 Kc5 49. Ke2 d4 50. Rd3 Rc3 51. Kd2 Kd5 52. Ke2 g5 53. fxg5 Ke5
54. h4 Kd5 55. h5 Rc6 56. Rd2 Ke5 57. Kf2 Rd6 58. f4+ Ke4 59. Kg3 d3 60. g6
1/2-1/2

[Event "Spring TNM"]
[Site "San Francisco"]
[Date "2006.04.11"]
[Round "3"]
[White "Jones, Ian"]
[Black "Sherwood, Peter"]
[Result "1-0"]
[WhiteElo "1808"]
[BlackElo "1755"]
[PlyCount "73"]
[EventDate "2006.03.28"]
[EventType "swiss"]
[EventRounds "8"]
[EventCountry "USA"]

1. e4 e6 2. d4 d5 3. Nc3 Nf6 4. e5 Nfd7 5. f4 c5 6. Be3 cxd4 7. Bxd4 Nc6 8. Bf2
Bb4 9. a3 Bxc3+ 10. bxc3 O-O 11. Nf3 f6 12. exf6 Qxf6 13. Qd2 Qxf4 14. Be3 Qf6
15. Bg5 Qf7 16. c4 Nf6 17. cxd5 exd5 18. Bxf6 Qxf6 19. Rb1 Re8+ 20. Be2 Qe6 21.
Kf2 b6 22. Rhe1 Qf7 23. Bb5 Bb7 24. Kg1 Red8 25. Re2 Ne7 26. Rbe1 Ng6 27. Nd4
Qf4 28. Qd3 Qg4 29. h3 Qc8 30. Ne6 Rd6 31. Qd4 Rxe6 32. Rxe6 Qxc2 33. Qb4 Qc5+
34. Qxc5 bxc5 35. Re8+ Rxe8 36. Rxe8+ Kf7 37. Rb8 1-0

[Event "Spring TNM"]
[Site "San Francisco"]
[Date "2006.04.11"]
[Round "3"]
[White "Ladyzhensky, Boris"]
[Black "Sanguinetti, George"]
[Result "1/2-1/2"]
[WhiteElo "1733"]
[BlackElo "1959"]
[PlyCount "110"]
[EventDate "2006.03.28"]
[EventType "swiss"]
[EventRounds "8"]
[EventCountry "USA"]

1. e4 c5 2. Nf3 d6 3. d4 cxd4 4. Nxd4 Nf6 5. Nc3 g6 6. Be3 Nc6 7. f3 h5 8. Qd2
a6 9. O-O-O Ne5 10. g4 hxg4 11. f4 Nf3 12. Nxf3 gxf3 13. e5 Ng4 14. h3 Be6 15.
Bd3 Nxe3 16. Qxe3 Qa5 17. exd6 exd6 18. Bxg6 O-O-O 19. Be4 Kb8 20. Qxf3 Bg7 21.
Bxb7 Bxc3 22. bxc3 Qa3+ 23. Kd2 Bxa2 24. Bd5 Rd7 25. Bxa2 Qxa2 26. Rb1+ Ka7 27.
Qe3+ Ka8 28. Qd4 Rc8 29. Rb3 Qa5 30. Rhb1 Qc5 31. Qe4+ d5 32. Qe2 Ka7 33. Rb6
Qxc3+ 34. Kd1 Qd4+ 35. Ke1 Rc4 36. R1b4 Qxb6 37. Rxb6 Kxb6 38. Qe3+ Kb5 39. Qd3
a5 40. h4 a4 41. h5 Rd6 42. f5 Rh6 43. Qxd5+ Rc5 44. Qxf7 Rxc2 45. f6 Rc5 46.
Qd7+ Rc6 47. f7 Rhe6+ 48. Kf2 Rf6+ 49. Kg3 a3 50. Qe8 a2 51. Qe2+ Kb4 52. Qxa2
Rc3+ 53. Kg4 Rc4+ 54. Kg5 Rxf7 55. Kg6 Rfc7 1/2-1/2

[Event "Spring TNM"]
[Site "San Francisco"]
[Date "2006.04.11"]
[Round "3"]
[White "Mar, Henry"]
[Black "Nochomovitz, Yigal"]
[Result "0-1"]
[WhiteElo "1537"]
[BlackElo "1826"]
[PlyCount "72"]
[EventDate "2006.03.28"]
[EventType "swiss"]
[EventRounds "8"]
[EventCountry "USA"]

1. d4 e6 2. e4 d5 3. e5 c5 4. c3 Bd7 5. Nf3 Nc6 6. Bd3 Nge7 7. O-O Ng6 8. Bg5
Qb6 9. Qe2 cxd4 10. cxd4 Nxd4 11. Nxd4 Qxd4 12. Bxg6 hxg6 13. Rd1 Qb6 14. Nc3
Bc6 15. b3 Rh5 16. h4 Be7 17. Bxe7 Kxe7 18. g3 Rah8 19. Qe3 Qxe3 20. fxe3 Rxe5
21. Re1 g5 22. Nd1 gxh4 23. g4 d4 24. e4 Rxe4 25. Rxe4 Bxe4 26. Nf2 Bc6 27. Rd1
e5 28. Re1 f6 29. Kh2 Kd6 30. Rd1 Rc8 31. Rd2 Bd5 32. Kh3 g5 33. Kh2 Rc3 34.
Nd1 Rg3 35. Nf2 Bc6 36. Rd1 Rg2+ 0-1

[Event "Spring TNM"]
[Site "San Francisco"]
[Date "2006.04.11"]
[Round "3"]
[White "Margulis, Igor"]
[Black "Rudyak, Felix"]
[Result "1-0"]
[WhiteElo "2227"]
[BlackElo "1932"]
[PlyCount "33"]
[EventDate "2006.03.28"]
[EventType "swiss"]
[EventRounds "8"]
[EventCountry "USA"]

1. e4 d5 2. exd5 Qxd5 3. Nc3 Qa5 4. d4 e5 5. Nf3 exd4 6. Nxd4 Bd7 7. Bc4 Nc6 8.
Nxc6 Bxc6 9. Qe2+ Ne7 10. Bd2 Qf5 11. Nb5 Bxg2 12. Nxc7+ Kd8 13. Nxa8 Bxh1 14.
O-O-O Bd5 15. Bxd5 Nxd5 16. c4 Qc8 17. Bg5+ 1-0

[Event "Spring TNM"]
[Site "San Francisco"]
[Date "2006.04.11"]
[Round "3"]
[White "Oca, Homer"]
[Black "Starr, Albert"]
[Result "1-0"]
[WhiteElo "1678"]
[BlackElo "1516"]
[PlyCount "47"]
[EventDate "2006.03.28"]
[EventType "swiss"]
[EventRounds "8"]
[EventCountry "USA"]

1. h3 b5 2. d4 e6 3. e4 b4 4. Nf3 Bb7 5. Nbd2 Nf6 6. Bd3 Be7 7. c4 c5 8. b3 O-O
9. e5 Ne8 10. Bb2 d6 11. Qc2 g6 12. exd6 Bxd6 13. dxc5 Bxc5 14. O-O-O Bxf2 15.
Be4 Nc6 16. h4 f5 17. h5 fxe4 18. hxg6 Nf6 19. Nxe4 Be3+ 20. Kb1 Qe7 21. Nxf6+
Rxf6 22. Rxh7 Qf8 23. Rdh1 Rf5 24. Rh8# 1-0

[Event "Spring TNM"]
[Site "San Francisco"]
[Date "2006.04.11"]
[Round "3"]
[White "Ostrovsky, Sergey"]
[Black "Drane, Robert"]
[Result "0-1"]
[WhiteElo "1870"]
[BlackElo "1831"]
[PlyCount "62"]
[EventDate "2006.03.28"]
[EventType "swiss"]
[EventRounds "8"]
[EventCountry "USA"]

1. d4 f5 2. c4 d6 3. Nc3 g6 4. g3 Nf6 5. Bg2 Bg7 6. Bg5 Nbd7 7. h4 h6 8. Bxf6
Nxf6 9. Nh3 e5 10. dxe5 dxe5 11. Qb3 c6 12. Rd1 Qe7 13. e4 O-O 14. O-O fxe4 15.
Rfe1 Bf5 16. Kh2 Rf7 17. Nxe4 Nxe4 18. Bxe4 Bxh3 19. Kxh3 Rxf2 20. Rd6 g5 21.
Red1 Raf8 22. g4 h5 23. Bf5 gxh4 24. Re6 hxg4+ 25. Bxg4 R8f3+ 26. Bxf3 Qxe6+
27. Bg4 Qf6 28. c5+ Kh8 29. Rd3 e4 30. Re3 Qf4 31. Kxh4 Bf6+ 0-1

[Event "Spring TNM"]
[Site "San Francisco"]
[Date "2006.04.11"]
[Round "3"]
[White "Parker, Frank"]
[Black "Russell, Joe"]
[Result "0-1"]
[WhiteElo "1846"]
[BlackElo "1529"]
[PlyCount "115"]
[EventDate "2006.03.28"]
[EventType "swiss"]
[EventRounds "8"]
[EventCountry "USA"]

1. d4 f5 2. e4 fxe4 3. Nc3 Nf6 4. Bg5 e6 5. Bxf6 Qxf6 6. Nxe4 Qh6 7. Nf3 Be7 8.
Bd3 O-O 9. O-O Nc6 10. c3 b6 11. Qe2 a5 12. Rae1 Bb7 13. Bb5 Rf7 14. Ng3 Bd6
15. Bxc6 Bxc6 16. Ne5 Bxe5 17. Qxe5 Rc8 18. f4 Qf6 19. Qe2 Rcf8 20. f5 exf5 21.
Rxf5 Qg6 22. Rxf7 Qxf7 23. b3 Qd5 24. Qd2 b5 25. Re5 Qf7 26. Qe2 Qg6 27. Qe1
Qc2 28. Re2 Qg6 29. c4 bxc4 30. bxc4 Qd3 31. d5 Ba4 32. Re4 Qa3 33. Qb1 Qc5+
34. Kh1 Qf2 35. Re2 Qd4 36. Qc1 c6 37. Qd2 Qxc4 38. dxc6 Bxc6 39. Qxa5 Bb5 40.
Qe1 Qf4 41. Kg1 Bxe2 42. Qxe2 Qd6 43. h3 Ra8 44. a4 Qd4+ 45. Kh2 Qxa4 46. Qe5
Qa5 47. Qd6 Qb5 48. Ne4 Qb8 49. Kg3 Qxd6+ 50. Nxd6 Ra6 51. Nf5 Kf7 52. Kf4 Kf6
53. g4 g5+ 54. Kf3 Ra3+ 55. Kg2 d5 56. Ng3 Rxg3+ 57. Kxg3 h6 58. Kf3 0-1

[Event "Spring TNM"]
[Site "San Francisco"]
[Date "2006.04.11"]
[Round "3"]
[White "Purcell, Brendan"]
[Black "Sainz, Guadalupe"]
[Result "1-0"]
[WhiteElo "1891"]
[BlackElo "1774"]
[PlyCount "65"]
[EventDate "2006.03.28"]
[EventType "swiss"]
[EventRounds "8"]
[EventCountry "USA"]

1. e4 c5 2. Nf3 d6 3. d4 cxd4 4. Nxd4 Nf6 5. Nc3 a6 6. f3 e6 7. Be3 Be7 8. Qd2
Nc6 9. O-O-O Bd7 10. g4 g6 11. h4 h6 12. Nxc6 Bxc6 13. Bxh6 Nd7 14. g5 Ne5 15.
Qd4 Rh7 16. Be2 Qc7 17. f4 Nd7 18. Bg4 O-O-O 19. h5 gxh5 20. Rxh5 Qb6 21. Qxb6
Nxb6 22. f5 exf5 23. Bxf5+ Kc7 24. Bxh7 Rh8 25. Bf5 Nc4 26. Rh3 Nb6 27. Nd5+
Nxd5 28. exd5 Bb5 29. c4 Bd7 30. Bxd7 Kxd7 31. Rf3 Rh7 32. Rdf1 Ke8 33. Rb3 1-0

[Event "Spring TNM"]
[Site "San Francisco"]
[Date "2006.04.11"]
[Round "3"]
[White "Robbins, Chuck"]
[Black "Salvo, Tab"]
[Result "0-1"]
[WhiteElo "1665"]
[BlackElo "1736"]
[PlyCount "94"]
[EventDate "2006.03.28"]
[EventType "swiss"]
[EventRounds "8"]
[EventCountry "USA"]

1. d4 Nf6 2. c4 d6 3. Nc3 e6 4. e4 Be7 5. Bd3 O-O 6. Qc2 Nc6 7. Nf3 Nb4 8. Qd2
Nxd3+ 9. Qxd3 Nd7 10. b3 c5 11. Bb2 cxd4 12. Nxd4 Ne5 13. Qe2 a6 14. O-O Bd7
15. Rad1 Qc7 16. Nf3 Ng6 17. g3 Bc6 18. Rd3 Rad8 19. Rfd1 Qa5 20. h4 Bf6 21.
Nd4 Bd7 22. a3 Qb6 23. b4 Qc7 24. R3d2 Ne5 25. Na2 Nxc4 26. Rc2 b5 27. f4 Qb6
28. e5 dxe5 29. fxe5 Nxe5 30. Kh2 Nc4 31. Qf2 Qb8 32. Bc1 Bxh4 33. a4 Bf6 34.
axb5 axb5 35. Nc3 Qe5 36. Bf4 Qh5+ 37. Kg1 e5 38. Ndxb5 Bxb5 39. Rxd8 Rxd8 40.
Qc5 Na3 41. Rh2 Qf3 42. Rf2 Qc6 43. Be3 Qxc5 44. Bxc5 Bc6 45. Ra2 Nb5 46. Ne2
h6 47. Ra6 Bf3 0-1

[Event "Spring TNM"]
[Site "San Francisco"]
[Date "2006.04.11"]
[Round "3"]
[White "Shaknazarov, Oleg"]
[Black "Samatra, Mario"]
[Result "1-0"]
[WhiteElo "2177"]
[BlackElo "1914"]
[PlyCount "43"]
[EventDate "2006.03.28"]
[EventType "swiss"]
[EventRounds "8"]
[EventCountry "USA"]

1. e4 c5 2. Nc3 g6 3. d4 cxd4 4. Qxd4 Nf6 5. e5 Nc6 6. Qf4 Nh5 7. Qe4 f5 8.
exf6 Nxf6 9. Qh4 d6 10. Bd3 Bg7 11. Bh6 O-O 12. Bxg7 Kxg7 13. Nf3 Be6 14. O-O-O
Qa5 15. Rhe1 Bxa2 16. Ng5 Bg8 17. Kb1 Rac8 18. f4 Ne5 19. fxe5 Rxc3 20. exf6+
Rxf6 21. Rxe7+ Kf8 22. Nxh7+ 1-0

[Event "Spring TNM"]
[Site "San Francisco"]
[Date "2006.04.11"]
[Round "3"]
[White "Shankland, Sam"]
[Black "Dupree, Charles"]
[Result "1-0"]
[WhiteElo "2106"]
[BlackElo "1721"]
[PlyCount "29"]
[EventDate "2006.03.28"]
[EventType "swiss"]
[EventRounds "8"]
[EventCountry "USA"]

1. e4 c5 2. Nc3 e6 3. Nge2 Nc6 4. g3 d5 5. exd5 exd5 6. Bg2 Nf6 7. d4 Bg4 8. h3
cxd4 9. hxg4 dxc3 10. Nxc3 Qe7+ 11. Kf1 O-O-O 12. g5 Ne8 13. Nxd5 Qe5 14. Qg4+
Kb8 15. Bf4 1-0

[Event "Spring TNM"]
[Site "San Francisco"]
[Date "2006.04.11"]
[Round "3"]
[White "Standen, Julian"]
[Black "Dunham, Tom"]
[Result "1-0"]
[WhiteElo "1707"]
[BlackElo "1363"]
[PlyCount "116"]
[EventDate "2006.03.28"]
[EventType "swiss"]
[EventRounds "8"]
[EventCountry "USA"]

1. d4 d5 2. Nf3 Nf6 3. Bf4 e6 4. e3 Nbd7 5. Bd3 c5 6. c3 Be7 7. Nbd2 O-O 8. h3
b6 9. O-O Bb7 10. Ne5 Nxe5 11. Bxe5 Nd7 12. Bg3 cxd4 13. exd4 Rc8 14. Nf3 a6
15. Ne5 Nxe5 16. Bxe5 f6 17. Bg3 Bd6 18. Bxd6 Qxd6 19. Qe2 b5 20. a3 Rfe8 21.
f4 Qb6 22. Qh5 f5 23. Qe2 Bc6 24. Rfe1 Rc7 25. Qe5 Rce7 26. Re2 Bd7 27. Rae1 g6
28. Kh2 Qb8 29. Kg3 Qxe5 30. Rxe5 Kg7 31. Kf3 Kf7 32. R1e2 h6 33. g4 Rg8 34.
Rg2 Bc8 35. Rf2 Bd7 36. gxf5 exf5 37. Rfe2 Rxe5 38. Rxe5 Kf6 39. h4 h5 40. Ke2
Be6 41. Kd2 Ke7 42. Kc2 Kd6 43. Kb3 Bd7 44. Be2 a5 45. Bf3 Bc6 46. Re2 Rg7 47.
Re5 Rf7 48. Kc2 Rg7 49. b3 Rd7 50. Kd3 Rc7 51. Re2 Rc8 52. Rg2 Rg8 53. Bxh5 Rh8
54. Rxg6+ Kd7 55. Rg5 Ke6 56. Bg6 Rxh4 57. Bxf5+ Kf6 58. Bg4 Rh6 1-0

[Event "Spring TNM"]
[Site "San Francisco"]
[Date "2006.04.12"]
[Round "3"]
[White "Todortsev, Victor"]
[Black "Rich, Albert"]
[Result "0-1"]
[WhiteElo "1961"]
[BlackElo "2262"]
[Annotator "Albert"]
[PlyCount "72"]
[EventDate "2006.03.28"]
[EventType "swiss"]
[EventRounds "8"]
[EventCountry "USA"]

1. Nf3 d5 2. c4 c6 3. d4 Nf6 4. Nc3 a6 5. e3 b5 6. cxd5 cxd5 7. Bd3 Bg4 8. h3
Bh5 9. e4 dxe4 10. Nxe4 Nbd7 (10... e6 11. O-O Nc6 12. Nxf6+ gxf6 (12... Qxf6
13. g4 Bg6 14. Bg5 $18) 13. Be4 Rc8 14. d5 f5 $1 15. Bxf5 Bxf3 16. gxf3 Ne7 17.
Be4 Nxd5 $11) 11. Ng3 Bg6 12. O-O e6 13. Bg5 Be7 14. Rc1 O-O (14... Bxd3 15.
Qxd3 O-O $11) 15. Bxg6 hxg6 16. Ne5 Nxe5 17. dxe5 Nd5 18. Bxe7 Qxe7 19. Ne4
Rad8 (19... Qb4 20. Qe2 (20. Qc2 Qd4 21. Nc5 Rac8 22. Rfe1 Nb4 $15) 20... Qd4
21. Ng5 (21. Nc5 Nf4 22. Qf3 g5 (22... Qxe5 23. Nd7 Ne2+ 24. Kh1 Qxb2 25. Rb1
Qxa2 26. Nxf8 Rxf8 27. Ra1 Qc4 28. Rfb1 Nc3 29. Rc1 b4 $17)) 21... Nf4 22. Qg4
Qxe5 23. Qh4 Nh5 24. g4 Qf4 25. Rc3 Rac8 26. Rf3 Qd4 $17) 20. Qg4 Qb4 21. Rce1
Rc8 $6 (21... Qxb2 $2 22. Ng5 Rfe8 23. Qh4 Qd2 24. Re3 $18) (21... Qd4 $1 22.
Qg3 Ne7 $11) 22. Re2 Rfd8 $6 (22... Rc4 23. b3 Rd4 24. a3 Qxa3 25. Nf6+ gxf6
26. Qxd4 fxe5 27. Qxe5 Qxb3 28. Rc1 $11) 23. Rd1 $1 Rc4 24. a3 (24. Kh2 $1 $16)
24... Qa4 25. Rd3 Rc1+ 26. Kh2 Qc4 27. Rdd2 Rc8 28. f4 Qc7 (28... Rf1 $4 29.
Nd6 $18) 29. Ng5 Rf1 30. Rc2 $4 (30. Qh4 Rxf4 31. Qh7+ Kf8 32. Qh8+ Ke7 33.
Qxg7 Qd8 $1 34. Rf2 Qh8 35. Qxh8 Rxh8 36. Rxf4 Nxf4 37. Rf2 f6 38. Rxf4 fxg5
39. Rf6 g4 40. Rxg6 gxh3 41. gxh3 Rh5 42. Rg7+ Kf8 43. Ra7 Rxe5 44. b4 Re2+ 45.
Kg1 Re3 46. Rxa6 (46. Kg2 Rxa3) 46... Rxh3 $11) 30... Qxc2 31. Rxc2 Rxc2 32.
Nxe6 Ne3 $19 33. Qg3 Rxg2+ (33... Rh1+ 34. Kxh1 Rc1+ 35. Kh2 Nf1+ 36. Kg1 Nxg3+
37. Kf2 Nh1+ 38. Kf3 fxe6 $19) 34. Qxg2 Nxg2 35. Kxg2 Rb1 36. Nc7 Rxb2+ 0-1

[Event "Spring TNM"]
[Site "San Francisco"]
[Date "2006.04.18"]
[Round "4"]
[White "Barrera, Jorge"]
[Black "Oca, Homer"]
[Result "1/2-1/2"]
[WhiteElo "1409"]
[BlackElo "1678"]
[PlyCount "41"]
[EventDate "2006.03.28"]
[EventType "swiss"]
[EventRounds "8"]
[EventCountry "USA"]

1. e4 h6 2. d4 a6 3. Nf3 d6 4. Bc4 e6 5. O-O Qd7 6. Nc3 g5 7. e5 d5 8. Bd3 Nc6
9. h3 b6 10. a3 Bb7 11. b4 Na7 12. Nh2 c5 13. Qh5 cxb4 14. axb4 Bxb4 15. Na4
Nc8 16. Bxg5 b5 17. Nb2 Bc3 18. Ra2 Bxd4 19. Ng4 Nb6 20. Bf6 Nc4 21. Nd1
1/2-1/2

[Event "Spring TNM"]
[Site "San Francisco"]
[Date "2006.04.18"]
[Round "4"]
[White "Bertot, German"]
[Black "Faulkner, Charles"]
[Result "1-0"]
[WhiteElo "1439"]
[BlackElo "1849"]
[PlyCount "52"]
[EventDate "2006.03.28"]
[EventType "swiss"]
[EventRounds "8"]
[EventCountry "USA"]

1. d4 d5 2. c4 e6 3. Nc3 Nf6 4. Bg5 Be7 5. Nf3 O-O 6. e3 h6 7. Bh4 Ne4 8. Bxe7
Qxe7 9. Nxe4 dxe4 10. Ne5 Rd8 11. c5 Nd7 12. Nc4 Nxc5 13. Qc2 Nd3+ 14. Bxd3
exd3 15. Qxd3 c5 16. Qa3 Qg5 17. O-O cxd4 18. Rfd1 e5 19. exd4 exd4 20. Nd6 Be6
21. Rxd4 Bd5 22. Ne4 Bxe4 23. Rxe4 Rd2 24. Rae1 Qf5 25. f3 Qg5 26. Rg4 Qc5+ 1-0

[Event "Spring TNM"]
[Site "San Francisco"]
[Date "2006.04.18"]
[Round "4"]
[White "Chernobilskiy, Mikhail"]
[Black "Carcar, Alex"]
[Result "1-0"]
[WhiteElo "1763"]
[BlackElo "1304"]
[PlyCount "46"]
[EventDate "2006.03.28"]
[EventType "swiss"]
[EventRounds "8"]
[EventCountry "USA"]

1. e4 c5 2. Nf3 d6 3. d4 cxd4 4. Nxd4 Nf6 5. Nc3 a6 6. Be2 e5 7. Nb3 Be7 8. Be3
O-O 9. g4 Ne8 10. Qd2 Be6 11. O-O-O Nc6 12. h4 Na5 13. h5 Nc4 14. Bxc4 Bxc4 15.
g5 f5 16. f4 Rc8 17. Kb1 b5 18. g6 Be6 19. h6 hxg6 20. Qg2 Kf7 21. Nc5 Rh8 22.
Nxe6 Rxh6 23. Nxd8+ Rxd8 {remainder illegible; W won in 9 more moves} 1-0

[Event "Spring TNM"]
[Site "San Francisco"]
[Date "2006.04.18"]
[Round "4"]
[White "Drane, Robert"]
[Black "Snyder, Larry"]
[Result "1/2-1/2"]
[WhiteElo "1831"]
[BlackElo "2045"]
[PlyCount "99"]
[EventDate "2006.03.28"]
[EventType "swiss"]
[EventRounds "8"]
[EventCountry "USA"]

1. e4 d5 2. exd5 Qxd5 3. Nc3 Qa5 4. d4 Nf6 5. Bc4 Bg4 6. f3 Bf5 7. Bd2 Qb6 8.
Nge2 e6 9. g4 Bg6 10. Nf4 Qxd4 11. Nxg6 hxg6 12. Qe2 Bd6 13. O-O-O Qe5 14. Qd3
Nc6 15. Bb5 Ke7 16. f4 Qc5 17. g5 Nd5 18. Ne4 Qb6 19. Nxd6 cxd6 20. c4 Ndb4 21.
Qa3 a6 22. Bxc6 Nxc6 23. Be3 Qb4 24. Qd3 b5 25. cxb5 axb5 26. a3 Qc4+ 27. Qxc4
bxc4 28. Kc2 Rh3 29. Bd2 Nd4+ 30. Kb1 Rah8 31. Bc3 Nf5 32. Rd2 Rf3 33. Rhd1 d5
34. Re1 Kd7 35. Be5 Rhh3 36. Rc1 Kc6 37. Rc3 Kc5 38. Kc2 Rxc3+ 39. bxc3 Rf3 40.
a4 Ne3+ 41. Kb2 Rh3 42. Bd4+ Kc6 43. Ka3 Nf5 44. Be5 Kc5 45. Rb2 d4 46. Rb5+
Kc6 47. Kb4 Rxc3 48. Rc5+ Kb6 49. Rxc4 Rxc4+ 50. Kxc4 1/2-1/2